000
00278 a2200121 4500
001
123055
020
_a
9780545251099
040
_c
Escola Canadense de Niteroi
100
_a
João Ubaldo Ribeiro
245
1
0
_a
Viva o povo brasileiro
490
0
_a
ponto de leitura
942
_c
BK
999
_c
123055
_d
123055